Normal view
MARC view
- Katz, Seth
Entry Personal Name
001 - CONTROL NUMBER
- control field: 98400
003 - CONTROL NUMBER IDENTIFIER
- control field: NUST
005 - DATE AND TIME OF LATEST TRANSACTION
- control field: 20220823171411.0
008 - FIXED-LENGTH DATA ELEMENTS
- fixed length control field: 220823|| aca||aabn | a|a d
040 ## - CATALOGING SOURCE
- Original cataloging agency: NUST
- Transcribing agency: NUST
100 ## - HEADING--PERSONAL NAME
- Personal name: Katz, Seth
670 ## - SOURCE DATA FOUND
- Source citation: Work cat.: (NUST)0: Katz, Seth, author., American English grammar :
